MDQL
is popping MORE tags! Check the
thread
!
Quizzes
Events
Quiz Creation
Community
Videos
Private Events
Remove Ads
Sign In
Join for FREE
Feedback
Dark Mode
Quiz Categories
Sports
Geography
Music
Movies
Television
Just For Fun
Miscellaneous
History
Literature
Language
Science
Gaming
Entertainment
Religion
Holiday
For Kids
Quiz Lab
Recent
Popular Today
Quiz Kudos Today
Editor Picks
Curator Picks
Quizzes by...
Day
Popularity
Type
Ratings
Length
Year
Community
Subscriptions
Recent Discussions
Orange Saloon
Badges
Playlists
Quests
Create
Leaderboards
Showdown
Live 5
Trivia Bingo
Activity
Puzzle Library
Sporcle Events
Private Events
Virtual Trivia
Globe League
Become a Host
Pub Owners
SporcleCon
Opinionation
Our Games
Videos
Blog
Mobile Apps
Partnerships
Remove Ads and Go Orange
Feedback
Sports
Athletes
MLB
NBA
NHL
NFL
Soccer
Sports Teams
WWE
NCAA
Football
Premier League
Basketball
Baseball
Hockey
Golf
Tennis
Cricket
Rugby
Auto Racing
Olympics
World Cup
Sports
Athletes
MLB
NBA
NHL
NFL
Soccer
Sports Teams
WWE
NCAA
Football
Premier League
Basketball
Baseball
Hockey
Golf
Tennis
Cricket
Rugby
Auto Racing
Olympics
World Cup
Random Quiz
Search Sporcle
×
Quiz Lab
Quiz Lab
Sports
Liverpool
Type in answers that appear in a list
Type in answers that appear in a list
Classic
Best Score? Go Orange.
Liverpool FC PL Opening Day Lineups Stats
Can you name the Liverpool FC Opening Day Lineups?
By
baz2107
15m
198 Questions
5,508 Plays
5,508 Plays
5,508 Plays
Comments
Comments
Give Quiz Kudos
Give Quiz Kudos
-
- Ratings
hide this ad
Replay
Link that replays current quiz
Next Quiz
Link to next quiz in quiz playlist
You Got
0%
They Got
Avg Score
74%
Avg Friend Score
Upgrade to see
Score Distribution
Jump to the score distribution portion of the page
Score
0/198
Timer
15:00
0
Plays Today
% Correct
Steven Gerrard
96.6%
Steven Gerrard
96.6%
Steven Gerrard
96.6%
Steven Gerrard
96.6%
Steven Gerrard
96.6%
Steven Gerrard
96.6%
Steven Gerrard
96.6%
Steven Gerrard
96.6%
Jose Reina
96%
Jose Reina
96%
Jose Reina
96%
Jose Reina
96%
Jose Reina
96%
Jamie Carragher
95.2%
Jamie Carragher
95.2%
Jamie Carragher
95.2%
Jamie Carragher
95.2%
Jamie Carragher
95.2%
Jamie Carragher
95.2%
Jamie Carragher
95.2%
Jamie Carragher
95.2%
Jamie Carragher
95.2%
Jamie Carragher
95.2%
Michael Owen
94.2%
Michael Owen
94.2%
Michael Owen
94.2%
Michael Owen
94.2%
Michael Owen
94.2%
Michael Owen
94.2%
Robbie Fowler
93.6%
Robbie Fowler
93.6%
Robbie Fowler
93.6%
Robbie Fowler
93.6%
Fernando Torres
93.5%
Fernando Torres
93.5%
Fernando Torres
93.5%
Jerzy Dudek
93.1%
Jerzy Dudek
93.1%
Jerzy Dudek
93.1%
Sami Hyypia
92.3%
Sami Hyypia
92.3%
Sami Hyypia
92.3%
Sami Hyypia
92.3%
Sami Hyypia
92.3%
Sami Hyypia
92.3%
Sami Hyypia
92.3%
Sami Hyypia
92.3%
Sami Hyypia
92.3%
Xabi Alonso
91%
Xabi Alonso
91%
David James
90.8%
David James
90.8%
David James
90.8%
David James
90.8%
David James
90.8%
Ian Rush
90.6%
Ian Rush
90.6%
Ian Rush
90.6%
Ian Rush
90.6%
John Arne Riise
85.7%
John Arne Riise
85.7%
John Arne Riise
85.7%
John Arne Riise
85.7%
John Arne Riise
85.7%
Steve McManaman
85.3%
Steve McManaman
85.3%
% Correct
Steve McManaman
85.3%
Steve McManaman
85.3%
Steve McManaman
85.3%
John Barnes
84%
John Barnes
84%
John Barnes
84%
Emile Heskey
83.6%
Emile Heskey
83.6%
Daniel Agger
82.5%
Sander Westerveld
82.3%
Sander Westerveld
82.3%
Steve Finnan
81.2%
Steve Finnan
81.2%
Steve Finnan
81.2%
Jamie Redknapp
80.9%
Jamie Redknapp
80.9%
Jamie Redknapp
80.9%
Dirk Kuyt
80.9%
Dirk Kuyt
80.9%
Dirk Kuyt
80.9%
Glen Johnson
80.3%
Javier Mascherano
80%
Martin Skrtel
79.9%
Stephane Henchoz
79.8%
Stephane Henchoz
79.8%
Stephane Henchoz
79.8%
Stephane Henchoz
79.8%
Phil Babb
79.3%
Phil Babb
79.3%
Phil Babb
79.3%
Phil Babb
79.3%
Dietmar Hamann
78.3%
Dietmar Hamann
78.3%
Dietmar Hamann
78.3%
Dietmar Hamann
78.3%
Dietmar Hamann
78.3%
Luis Garcia
77.6%
Vladimir Smicer
77.5%
Vladimir Smicer
77.5%
Djibril Cisse
77.1%
Milan Baros
77%
Rob Jones
76.9%
Rob Jones
76.9%
Rob Jones
76.9%
Rob Jones
76.9%
Ryan Babel
75.6%
Danny Murphy
73.5%
Danny Murphy
73.5%
Danny Murphy
73.5%
Stan Collymore
72.4%
Stan Collymore
72.4%
Patrik Berger
71.8%
Patrik Berger
71.8%
Patrik Berger
71.8%
Harry Kewell
71.8%
Harry Kewell
71.8%
Neil Ruddock
71.4%
Neil Ruddock
71.4%
Neil Ruddock
71.4%
Djimi Traore
68.2%
Djimi Traore
68.2%
Markus Babbel
67.9%
Markus Babbel
67.9%
Mark Wright
67.4%
Mark Wright
67.4%
Mark Wright
67.4%
% Correct
Mark Wright
67.4%
Mark Wright
67.4%
Alvaro Arbeloa
67.3%
Alvaro Arbeloa
67.3%
Fabio Aurelio
65.5%
Lucas
64.7%
Bruce Grobbelaar
64.3%
Paul Ince
63.8%
Paul Ince
63.8%
Brad Friedel
63%
Gary McAllister
62.9%
Fernando Morientes
60.7%
Craig Bellamy
60.4%
Stig Inge Bjornebye
60.1%
Stig Inge Bjornebye
60.1%
Stig Inge Bjornebye
60.1%
Stig Inge Bjornebye
60.1%
Momo Sissoko
59.9%
Momo Sissoko
59.9%
El Hadji Diouf
59.7%
Yossi Benayoun
58%
Jason McAteer
57.5%
Jason McAteer
57.5%
Emiliano Insua
57.3%
Jan Molby
55.5%
Jan Molby
55.5%
Michael Thomas
54.5%
Michael Thomas
54.5%
Michael Thomas
54.5%
KarlHeinz Riedle
54.4%
KarlHeinz Riedle
54.4%
Igor Biscan
54.2%
Igor Biscan
54.2%
Robbie Keane
53.1%
Steve Nicol
50.5%
Steve Nicol
50.5%
Steve Nicol
50.5%
Jermaine Pennant
50.4%
Nigel Clough
49.3%
Titi Camara
48.8%
Andrea Dossena
48.2%
Ronnie Whelan
47.2%
Mark Walters
47.2%
Ronnie Whelan
47.2%
Mark Walters
47.2%
Josemi
46.6%
Steve Staunton
46.5%
Jari Litmanen
46.2%
Dominic Matteo
45.7%
Dominic Matteo
45.7%
Dominic Matteo
45.7%
Vegard Heggem
45.5%
Vegard Heggem
45.5%
Steve Harkness
43.8%
Dean Saunders
43.6%
Pegguy Arphexad
41.9%
Bruno Cheyrou
39.5%
David Burrows
39.3%
Jan Kromkamp
38.9%
Steven Warnock
38.8%
Boudewijn Zenden
38%
Boudewijn Zenden
38%
Abel Xavier
35.6%
Paul Stewart
32.4%
Nick Tanner
27.4%
Damien Plessis
26.9%
Quiz Playlist
Details
Report
Send in Message
Add To Playlist
Classic:
Type in answers that appear in a list
Last Updated: Feb 16, 2017
Quiz Scoreboard
CHALLENGE
Sign Up to Join the Scoreboard
Show All
Scores
Hide
Comments
May contain spoilers
Recently Published
5x2 Blitz: Bands
by SL_Kpop136
Music
30s
Colored Red Africa Blitz
by spor1
Geography
30s
Find the 'City' Movie
by crazypaving
Movies
60s
More to Explore
Quiz From the Vault
Featured Blog Post
14 Easter Pick-up Lines to Find Eggs With
hide this ad
You Might Also Like...
Tags
Liverpool
Opening Day Lineups
Today's Top Quizzes in Sports
Browse Sports
hide this ad
Today's Top Quizzes in Liverpool
Browse Liverpool
Top Contributed Quizzes in Sports
1
Players with Multiple 50 Home Run Seasons
2
Les entraîneurs de l'OM et du PSG au 21e siècle
3
Criteria MLB: Left Handed Sluggers
4
2022 World Cup Stars
5
Les meilleurs buteurs des matchs entre le PSG et l’OM
6
Who Hit More Homers?
7
Les joueurs passés par le PSG et l'OM
8
NBA Logic Puzzle 2.0
9
Top 10 NHL Goal Scorers of All Time
10
MLB Players with Two .350 Batting Average Seasons
Explore More
Trending Topics
NBA
Kpop
Disney
Marvel
Harry Potter
Crossword
Anime
WWE
Puzzle
Song
NFL
Pokémon
Country
Soccer
The Office
hide this ad
More By:
baz2107
Quiz
Plays
Rating
Category
Featured
Created
Liverpool FC PL Opening Day Lineups
5,508
4.33
Sports
Jan 20, 2010
Liverpool Cup Final Lineups snce 1992
967
5.00
Sports
Dec 15, 2010
Jamie Carraghers Liverpool Team Mates
767
5.00
Sports
Mar 23, 2011
Merseyside Derby Premier League Years
725
4.50
Sports
Feb 5, 2010
Liverpools League Cup Final Lineups
635
3.67
Sports
Mar 1, 2012
Go to Creator's Profile
Score Distribution
Quiz Creator Spotlight
baz2107
Follow
Send a Message
Quizzes Created
-
Created Quiz Play Count
-
More By This Creator
Popular Quizzes Today
1
Colored Red Africa Blitz
2
Find the 'City' Movie
3
Find the US States - No Outlines Minefield
4
5x2 Blitz: Bands
5
The Countries of the World
6
Find the US States
7
US States
8
9x9 Crossword: Cartoon Network
More Sports Quizzes
Who's That with Vince McMahon?
Editor's Pick
Trending Quizzes
Colored Red Europe Blitz I
Colored Red Europe Blitz II
Colored Red Africa Blitz II
Colored Red Europe Blitz III
Colored Red Africa Blitz III
Recently Updated
How Do You Spell That?
pecheneg
Godzilla Movies
pecheneg
Grab Bag: 4-10 Letters
pecheneg
2024 March Madness Bracket
pecheneg
Famous TV Couples
Peacemaker
Champions League XIs: Real Madrid
pecheneg
Largest US Cities 1790-2010
pecheneg
Rides in Walt Disney World
pecheneg
Most Oscar Losses (Acting)
pecheneg
Beyoncé Albums
pecheneg
Trending Topics
Harry Potter
Kpop
Anime
Disney
Marvel
NBA
Crossword
NFL
The Office
Soccer
Country
Song
Puzzle
WWE
Pokémon
Your Account Isn't Verified!
In order to create a playlist on Sporcle, you need to verify the email address you used during registration. Go to your
Sporcle Settings
to finish the process.
Report this User
Report this user for behavior that violates our
Community Guidelines
.
Details:
Send Report
Go to the Sporcle.com Mobile Site →
Comments